| Tag |
First Indicator |
Second Indicator |
Subfields |
| LEADER |
00000cjm a2200000 a 4500 |
| 001 |
in00001186421 |
| 005 |
20151001092822.0 |
| 007 |
sd fsngnn|||ed |
| 008 |
900216p19891988nyumun i N/A d |
| 024 |
1 |
|
|a 2894255012
|
| 028 |
0 |
2 |
|a 425 501-2
|b London
|
| 033 |
0 |
0 |
|a 198809--
|b 3454
|c M8
|
| 035 |
|
|
|a (OCoLC)21072207
|
| 035 |
|
|
|9 AGG3268AM
|
| 040 |
|
|
|a CXP
|c CXP
|d CNO
|d CPL
|d TXA
|d UtOrBLW
|
| 041 |
0 |
|
|g eng
|
| 045 |
1 |
|
|b d1880
|b d1874
|
| 047 |
|
|
|a co
|a sy
|
| 048 |
|
|
|b sa01
|a oa
|
| 049 |
|
|
|a TXAV
|
| 090 |
|
|
|a M1012.S15
|b C6 no.3 1989
|
| 092 |
0 |
|
|a 785.67102
|b Sa28c3b
|2 19
|
| 100 |
1 |
|
|a Saint-Saëns, Camille,
|d 1835-1921.
|
| 240 |
1 |
0 |
|a Concertos,
|m violin, orchestra,
|n no. 3, op. 61,
|r B minor
|
| 245 |
1 |
0 |
|a Violin concerto no. 3 /
|c Saint-Saëns. Symphonie espagnole / Lalo.
|
| 264 |
|
1 |
|a New York, N.Y. :
|b London,
|c [1989]
|
| 264 |
|
4 |
|c ℗1989
|
| 300 |
|
|
|a 1 sound disc :
|b digital, stereo. ;
|c 4 3/4 in. +
|e 1 booklet ([6] pages : illustrations)
|
| 306 |
|
|
|a 002900
|a 003400
|
| 336 |
|
|
|a performed music
|b prm
|2 rdacontent
|
| 337 |
|
|
|a audio
|b s
|2 rdamedia
|
| 338 |
|
|
|a audio disc
|b sd
|2 rdacarrier
|
| 500 |
|
|
|a Compact disc.
|
| 511 |
0 |
|
|a Joshua Bell, violin ; Orchestre symphonique de Montréal ; Charles Dutoit, conductor.
|
| 518 |
|
|
|a Recorded Sept. 1988, St. Eustache, Montréal.
|
| 500 |
|
|
|a Durations: 29:00; 34:00.
|
| 500 |
|
|
|a Program notes by Tess Knighton included.
|
| 500 |
|
|
|a Sound recording.
|
| 650 |
|
0 |
|a Concertos (Violin)
|
| 650 |
|
0 |
|a Symphonies (Violin with orchestra)
|
| 650 |
|
0 |
|a Violin with orchestra.
|
| 700 |
1 |
|
|a Bell, Joshua,
|d 1967-
|e performer.
|
| 700 |
1 |
|
|a Dutoit, Charles,
|e conductor.
|
| 700 |
1 |
2 |
|a Lalo, Edouard,
|d 1823-1892.
|t Symphonie espagnole.
|f 1989.
|
| 710 |
2 |
|
|a Orchestre symphonique de Montréal,
|e performer.
|
| 740 |
0 |
|
|a Symphonie espagnole.
|
| 999 |
|
|
|a MARS
|
| 999 |
f |
f |
|s a45eaa4b-a84d-3f80-aee9-81230c9d8749
|i 997aa341-ad4b-3ee8-9033-985d35fdf400
|t 0
|
| 952 |
f |
f |
|p ric
|a Texas A&M University
|b Rellis Campus
|c Joint Library Facility
|d Remote Storage
|t 0
|e M1012.S15 C6 no.3 1989
|h Library of Congress classification
|i audio -- audio disc
|m A14828160643
|
| 998 |
f |
f |
|a M1012.S15 C6 no.3 1989
|t 0
|l Remote Storage
|